Socio-economic differentials in child mortality in developing countries / (Record no. 1388)

MARC details
000 -LEADER
fixed length control field 00988cam a2200277 a 4500
001 - CONTROL NUMBER
control field 1941023
003 - CONTROL NUMBER IDENTIFIER
control field OSt
005 - DATE AND TIME OF LATEST TRANSACTION
control field 20230619153311.0
008 - FIXED-LENGTH DATA ELEMENTS--GENERAL INFORMATION
fixed length control field 860618s1985 nyu bs i000 0 eng
010 ## - LIBRARY OF CONGRESS CONTROL NUMBER
LC control number 86173609
020 ## - INTERNATIONAL STANDARD BOOK NUMBER
International Standard Book Number 9211511542 (pbk.)
040 ## - CATALOGING SOURCE
Original cataloging agency DLC
Transcribing agency DLC
Modifying agency DLC
043 ## - GEOGRAPHIC AREA CODE
Geographic area code d------
050 00 - LIBRARY OF CONGRESS CALL NUMBER
Classification number HB1323.C52
Item number D447 1985
082 00 - DEWEY DECIMAL CLASSIFICATION NUMBER
Classification number 304.6/4/088054
Edition number 19
Item number UN
245 00 - TITLE STATEMENT
Title Socio-economic differentials in child mortality in developing countries /
Statement of responsibility, etc. Department of International Economic and Social Affairs.
260 ## - PUBLICATION, DISTRIBUTION, ETC. (IMPRINT)
Place of publication, distribution, etc. New York :
Name of publisher, distributor, etc. United Nations,
Date of publication, distribution, etc. 1985.
300 ## - PHYSICAL DESCRIPTION
Extent xi, 319 p. ;
Dimensions 28 cm.
500 ## - GENERAL NOTE
General note "ST/ESA/SER.A/97."
500 ## - GENERAL NOTE
General note "United Nations publication sales no. E.85.XIII.7"--T.p. verso.
504 ## - BIBLIOGRAPHY, ETC. NOTE
Bibliography, etc Bibliography: p. 311-319.
650 #0 - SUBJECT ADDED ENTRY--TOPICAL TERM
Topical term or geographic name as entry element Children
General subdivision Mortality
Geographic subdivision Developing countries.
710 2# - ADDED ENTRY--CORPORATE NAME
Corporate name or jurisdiction name as entry element United Nations.
Subordinate unit Department of International Economic and Social Affairs.
906 ## - LOCAL DATA ELEMENT F, LDF (RLIN)
a 7
b cbc
c orignew
d 3
e ncip
f 19
g y-gencatlg
942 ## - ADDED ENTRY ELEMENTS (KOHA)
Source of classification or shelving scheme Dewey Decimal Classification
Koha item type Books
Holdings
Withdrawn status Lost status Source of classification or shelving scheme Damaged status Not for loan Home library Current library Date acquired Total Checkouts Full call number Barcode Date last seen Price effective from Koha item type
    Dewey Decimal Classification     County Hall Archives County Hall Archives 06/19/2023   304.6/4/088054 UN 10000129 06/19/2023 06/19/2023 Books
LIBRARY OPENING HOURS

When the Parliament is sitting: 8.00a.m - 7.00p.m or until the house adjourns
Mondays and Fridays and when the House is on Recess:  8.00a.m - 5.00p.m
Closed on Weekends and Public Holidays

Online Public Access Catalog (OPAC)
Website: http://www.parliament.go.ke
Bunge Library: https://libraryir.parliament.go.ke
Contact: library@parliament.go.ke | Tel no: (254-2)2221291 or 2848000 Ext 5043